LEADER 00914nam a2200241 i 4500 001 991001540799707536 008 060322s2005 it 000 0 ita d 020 $a8814106894 035 $ab13388393-39ule_inst 040 $aDip.to Studi Giuridici$bita 082 0 $a346.074 100 1 $aFerro-Luzzi, Paolo$0116550 245 13$aLa cartolarizzazione :$bcommento alla legge n. 130/99 /$cPaolo Ferro-Luzzi ; a cura di Paolo Ferro-Luzzi e Carlo Pisanti 260 $aMilano :$bGiuffre,$cc2005 300 $axiv, 494 p. ;$c24 cm 650 4$aCrediti$xCartolarizzazione 700 1 $aPisanti, Carlo 907 $a.b13388393$b21-09-06$c22-03-06 912 $a991001540799707536 945 $aLE027 346.07 FER02.01$g1$i2027000118823$lle027$o-$pE40.00$q-$rl$sm $t0$u0$v0$w0$x0$y.i14209706$z22-03-06 996 $aCartolarizzazione$91002737 997 $aUNISALENTO 998 $ale027$b22-03-06$cm$da $e-$fita$git $h3$i0 LEADER 02025nam 2200505 450 001 996339100003316 005 20230725053351.0 010 $a1-61711-761-7 035 $a(CKB)3710000000073476 035 $a(EBL)3404702 035 $a(SSID)ssj0001059562 035 $a(PQKBManifestationID)11602572 035 $a(PQKBTitleCode)TC0001059562 035 $a(PQKBWorkID)11084614 035 $a(PQKB)10009104 035 $a(MiAaPQ)EBC3404702 035 $a(EXLCZ)993710000000073476 100 $a20100608h20112011 uy| 0 101 0 $aeng 135 $aur|n|---||||| 181 $ctxt 182 $cc 183 $acr 200 00$aCurbside consultation in oculoplastics $e49 clinical questions /$feditors, Robert C. Kersten, Timothy J. McCulley 210 1$aThorofare, NJ :$cSLACK Incorporated,$d[2011] 210 4$dİ2011 215 $a1 online resource (276 p.) 225 0$aCurbside consultation in ophthalmology series 300 $aDescription based upon print version of record. 311 $a1-55642-914-2 320 $aIncludes bibliographical references. 327 $asection I. Upper eyelid malposition and related disorders -- section II. Lower eyelid malposition and related disorders -- section III. Eyelid neoplasm -- section IV. Miscellaneous -- section V. Orbital inflammation and infection -- section VI. Orbital neoplasm -- section VII. Trauma -- section VIII. Evisceration, enucleation, and the anophthalmic socket -- section IX. Lacrimal drainage system -- section X. Cosmetic oculofacial plastic surgery. 410 0$aCurbside consultation in ophthalmology series 606 $aOphthalmic plastic surgery$vMiscellanea 615 0$aOphthalmic plastic surgery 676 $a617.7/1 701 $aKersten$b Robert C$01019258 701 $aMcCulley$b Timothy J$01019259 801 0$bMiAaPQ 801 1$bMiAaPQ 801 2$bMiAaPQ 906 $aBOOK 912 $a996339100003316 996 $aCurbside consultation in oculoplastics$92401956 997 $aUNISA